La Gran Bretaña y el pueblo británico /

Guardado en:
Bibliografiske detaljer
Hovedforfatter: Barker, Ernest (autor)
Format: Bog
Sprog:spansk
Serier:(El Mundo al Día)
Fag:
Tags: Tilføj Tag
Ingen Tags, Vær først til at tagge denne postø!

MARC

LEADER 00000nam^a2200000^a^4500
001 000127629
005 20250521000000.0
009 20260310094809.332
037 |a Acervo ITESO - Biblioteca 
041 |a ESP 
082 |a 942.  |b BAR 
100 |a Barker, Ernest  |e (autor) 
245 1 3 |a La Gran Bretaña y el pueblo británico /  |c E. Barker ; tr. por Félix Prats Massanet. 
264 |a México :  |b Minerva,  |c 1945 
300 |a 163 p. 
336 |a texto  |b txt  |2 rdacontenido 
337 |a sin mediación  |b n  |2 rdamedio 
338 |a volumen  |b nc  |2 rdasoporte 
440 4 |a (El Mundo al Día) 
500 |a Traducción de: Britain and the British People 
649 |a XX 
650 |a Monarquía -  |z Gran Bretaña -  |x Historia 
650 |a Fuerzas Armadas -  |z Gran Bretaña -  |x Historia 
650 |a Iglesia en Gran Bretaña -  |x Historia 
650 |a Educación -  |z Gran Bretaña -  |x Historia 
650 |a Religión -  |z Gran Bretaña -  |x Historia 
650 |a Derecho -  |z Gran Bretaña -  |x Historia 
650 |a Economía -  |z Gran Bretaña -  |x Historia 
650 |a Política -  |z Gran Bretaña -  |x Historia 
650 |a Gran Bretaña -  |x Historia -  |x Generalidades -  |x Tema Principal 
910 |a Fondo Salvador Reynoso Reynoso 
920 |a Impresos - Libros 
930 |a Fondos Especiales 
905 |a 112 
901 |a 0800009308  |b IT2  |c ESP  |u 20250521 
902 |a https://opac.biblio.iteso.mx/vufind/Record/000127629